| 000 | 01344cam a2200385 i 4500 | ||
|---|---|---|---|
| 001 | 17739287 | ||
| 005 | 20250520104647.0 | ||
| 008 | 130515r20141980enka b 001 0 eng | ||
| 010 | _a 2013017303 | ||
| 020 | _a9780415506700 (hbk) | ||
| 020 | _a9780415506731 (pbk) | ||
| 037 | _cTB | ||
| 040 |
_aBL _beng _cBL _erda _dBL |
||
| 042 | _apcc | ||
| 050 | 0 | 0 |
_aPN241 _b.B265 2014 |
| 084 |
_aP:795 M0 _qBL |
||
| 100 | 1 |
_aBassnett, Susan, _eauthor. _9809001 |
|
| 245 | 1 | 0 | _aTranslation studies |
| 250 | _a4th Ed. | ||
| 264 | 1 |
_aLondon ; _aNew York : _bRoutledge, Taylor & Francis Group, _c2014. |
|
| 300 |
_axii, 190p.: _billustrations ; _c20 cm. |
||
| 336 |
_atext _2rdacontent |
||
| 337 |
_aunmediated _2rdamedia |
||
| 338 |
_avolume _2rdacarrier |
||
| 365 |
_b2151.10 _cINR |
||
| 490 | 0 | _aNew accents | |
| 500 | _aFirst published in 1980 by Methuen & Co. Ltd. | ||
| 504 | _aIncludes bibliographical references (pages 165-183) and index. | ||
| 650 | 0 |
_aTranslating and interpreting. _9809002 |
|
| 650 | 0 |
_aLanguage and Languages _9809003 |
|
| 906 |
_a7 _bcbc _corignew _d1 _eecip _f20 _gy-gencatlg |
||
| 942 |
_2CC _cTB _e4th Ed. _hP:795 M0 _n0 |
||
| 999 |
_c1428856 _d1428856 |
||